[Event "AUTO-MASTER-708"]
[Site "http://www.queenalice.com/game.php?id=612556"]
[Date "2009.7.3"]
[Round "2"]
[White "yozzer"]
[Black "mad_knight"]
[Result "1-0"]
[WhiteElo "2290"]
[BlackElo "2133"]

1. e4 d5 2. exd5 Qxd5 3. Nc3 Qa5 4. d4 Nf6 5. Nf3 Bf5 6. Bc4 c6 7. Bd2 Nbd7 8.
Qe2 e6 9. d5 cxd5 10. Nxd5 Qd8 11. Nxf6+ Qxf6 12. O-O-O Bg4 13. Bb5 Rd8 14. Be3
Bxf3 15. gxf3 a6 16. Bxd7+ Rxd7 17. Rxd7 Kxd7 18. Rd1+ 1-0

[Event "AUTO-MASTER-708"]
[Site "http://www.queenalice.com/game.php?id=612557"]
[Date "2009.7.3"]
[Round "2"]
[White "mad_knight"]
[Black "yozzer"]
[Result "0-1"]
[WhiteElo "2141"]
[BlackElo "2282"]

1. e4 c5 2. Nf3 e6 3. Nc3 Nc6 4. Bb5 Nd4 5. Bd3 Be7 6. Nxd4 cxd4 7. Ne2 d5 8.
exd5 Qxd5 9. O-O Nf6 10. c4 Qd6 11. b4 Qxb4 12. Nxd4 e5 13. Nb5 Qa5 14. Re1 a6
15. Nc3 O-O 16. Nd5 Nxd5 17. Rxe5 Rd8 18. cxd5 Bf6 0-1

[Event "Challenge"]
[Site "http://www.queenalice.com/game.php?id=619266"]
[Date "2009.7.15"]
[Round "-"]
[White "jumer6"]
[Black "yozzer"]
[Result "0-1"]
[WhiteElo "2064"]
[BlackElo "2309"]

1. e4 e5 2. Nf3 Nc6 3. Bb5 a6 4. Ba4 Nf6 5. O-O Be7 6. Re1 b5 7. Bb3 d6 8. d4
O-O 9. h3 Nxd4 10. Nxd4 exd4 11. Qxd4 c5 12. Qe3 c4 13. e5 dxe5 14. Qxe5 Bb4 15.
Rf1 cxb3 16. axb3 Re8 17. Qg3 Ne4 18. Qf3 Bb7 19. Qg4 Nxf2 20. Qxb4 Re2 21. Nc3
Nxh3+ 22. Kh1 Bxg2+ 23. Kh2 Rxc2 24. Rd1 Be4+ 25. Rd2 Rxd2+ 26. Bxd2 Qxd2+ 27.
Kxh3 Qg2+ 28. Kh4 Qh2+ 29. Kg5 f6+ 0-1

[Event "Deltaboy vs Yozzer"]
[Site "http://www.queenalice.com/game.php?id=622241"]
[Date "2009.7.21"]
[Round "-"]
[White "deltaboy"]
[Black "yozzer"]
[Result "0-1"]
[WhiteElo "2143"]
[BlackElo "2314"]

1. Nf3 Nf6 2. g3 b5 3. Bg2 e6 4. c4 bxc4 5. Ne5 d5 6. Nxc4 c5 7. Ne5 Bd6 8. Qa4+
Nbd7 9. d4 O-O 10. Nf3 cxd4 11. Nxd4 Qb6 12. Nb5 Nc5 13. Be3 Nxa4 14. Bxb6 Bb4+
15. N1c3 axb6 16. O-O Ba6 17. Rfb1 Nd7 18. a3 Bxc3 19. bxc3 Bxb5 20. Rxb5 Nxc3
21. Rb2 Ra5 22. e3 Rfa8 23. Rb3 Nb5 24. a4 Nd6 25. e4 Rxa4 26. Rxa4 Rxa4 27.
exd5 Ra1+ 28. Bf1 exd5 29. Rd3 Nf6 30. f3 Kf8 31. Kf2 Ra2+ 32. Be2 Nb5 33. Ke1
Rb2 34. g4 Ke7 35. Re3+ Kd6 36. h4 Nd7 37. f4 Nd4 38. Bd1 Nc5 39. h5 Rh2 40. Ra3
Rh1+ 41. Kd2 Ne4+ 42. Kc1 Nf2 0-1

[Event "Challenge"]
[Site "http://www.queenalice.com/game.php?id=624535"]
[Date "2009.7.25"]
[Round "-"]
[White "rheenz"]
[Black "yozzer"]
[Result "0-1"]
[WhiteElo "2148"]
[BlackElo "2302"]

1. c4 e6 2. d4 Nf6 3. Nc3 Bb4 4. Qc2 c5 5. a3 Bxc3+ 6. bxc3 d5 7. dxc5 Nc6 8. e3
O-O 9. Nf3 e5 10. cxd5 Qxd5 11. a4 Rd8 12. Be2 e4 13. Nd2 Qg5 14. g3 Bg4 15.
Nxe4 Nxe4 16. f3 Nxg3 17. hxg3 Bf5 18. e4 Qxg3+ 19. Kf1 Bh3+ 20. Rxh3 Qxh3+ 21.
Kf2 Qh2+ 22. Kf1 Ne5 0-1

[Event "Challenge"]
[Site "http://www.queenalice.com/game.php?id=626884"]
[Date "2009.7.29"]
[Round "-"]
[White "yozzer"]
[Black "deltaboy"]
[Result "1-0"]
[WhiteElo "2323"]
[BlackElo "2157"]

1. e4 c6 2. d4 d5 3. Nc3 dxe4 4. Nxe4 Nd7 5. Ng5 Ngf6 6. Bd3 h6 7. Ne6 Qa5+ 8.
Bd2 Qb6 9. Nf3 fxe6 10. Bg6+ Kd8 11. O-O Nd5 12. c4 Nc7 13. Be3 Nd5 14. cxd5
exd5 15. Qc2 e6 16. Rae1 Bd6 17. Bd2 Nf8 18. Bd3 Bd7 19. Bc3 Qc7 20. Ne5 Be8 21.
Qd1 g5 22. Qg4 Rg8 23. f4 h5 24. Qg3 Qg7 25. f5 Bxe5 26. Rxe5 h4 27. Qe1 Nd7 28.
Rxe6 Nf6 29. Qe5 Nh5 30. f6 1-0

[Event "Challenge"]
[Site "http://www.queenalice.com/game.php?id=636109"]
[Date "2009.8.14"]
[Round "-"]
[White "Elemptis"]
[Black "yozzer"]
[Result "1-0"]
[WhiteElo "2307"]
[BlackElo "2299"]

1. e4 c5 2. Nf3 e6 3. Nc3 Nc6 4. d4 Nxd4 5. Nxd4 cxd4 6. Qxd4 d6 7. Be3 Nf6 8.
O-O-O Be7 9. e5 dxe5 10. Qxe5 Bd7 11. Bb5 a6 12. Bxd7+ Nxd7 13. Qxg7 Bf6 14. Qg4
Bxc3 15. bxc3 Qc7 16. Qg7 Rf8 17. Rd3 Qa5 18. Rhd1 O-O-O 19. Bf4 Qxa2 20. Bd6
Rg8 21. Qd4 1-0

[Event "Challenge #04"]
[Site "http://www.queenalice.com/game.php?id=652399"]
[Date "2009.9.14"]
[Round "-"]
[White "yozzer"]
[Black "Aylton"]
[Result "0-1"]
[WhiteElo "2317"]
[BlackElo "2133"]

1. e4 c5 2. Nf3 Nc6 3. d4 cxd4 4. Nxd4 e5 5. Nb5 d6 6. N1c3 a6 7. Na3 b5 8. Nd5
Nge7 9. c4 Nd4 10. Ne3 Bd7 11. Bd3 b4 12. Nac2 a5 13. Nxd4 exd4 14. Nd5 Nc6 15.
O-O Be7 16. Bf4 O-O 17. Qh5 g6 18. Nxe7+ Qxe7 19. Qd5 Ne5 20. Qxd4 f6 21. Be2
Rfc8 22. Rfd1 Rc6 23. b3 Kg7 24. a3 bxa3 0-1

[Event "Challenge"]
[Site "http://www.queenalice.com/game.php?id=658352"]
[Date "2009.9.26"]
[Round "-"]
[White "ClivetheBeard"]
[Black "yozzer"]
[Result "1-0"]
[WhiteElo "2315"]
[BlackElo "2287"]

1. d4 Nf6 2. Nc3 d5 3. Bf4 c5 4. e3 cxd4 5. exd4 a6 6. Nf3 h6 7. Ne5 g5 8. Be3
Qb6 9. a3 Nc6 10. Nxc6 Qxc6 11. Be2 Bg7 12. f4 1-0

[Event "Challenge"]
[Site "http://www.queenalice.com/game.php?id=658353"]
[Date "2009.9.26"]
[Round "-"]
[White "yozzer"]
[Black "ClivetheBeard"]
[Result "0-1"]
[WhiteElo "2276"]
[BlackElo "2326"]

1. e4 d5 2. exd5 Qxd5 3. Nc3 Qe5+ 4. Be2 c6 5. d4 Qc7 6. Nf3 Nd7 7. O-O e6 8.
Bd3 Be7 9. Qd2 b6 10. Re1 Bb7 11. Ne5 Nxe5 12. dxe5 O-O-O 0-1

[Event "Challenge"]
[Site "http://www.queenalice.com/game.php?id=676600"]
[Date "2009.11.2"]
[Round "-"]
[White "Whitecharger"]
[Black "yozzer"]
[Result "0-1"]
[WhiteElo "2299"]
[BlackElo "2256"]

1. d4 Nf6 2. c4 e6 3. Nc3 Bb4 4. Bg5 c5 5. d5 h6 6. Bh4 O-O 7. e3 exd5 8. cxd5
d6 9. Ne2 Nbd7 10. Qc2 b5 11. O-O-O a6 12. Ne4 g5 13. Bg3 Nxe4 14. Qxe4 Nf6 15.
Qc2 Re8 16. Nc3 Bb7 17. h4 Bxc3 18. hxg5 Ne4 19. gxh6 Bf6 20. Bf4 Bg5 21. Bd3
Bxd5 22. Rh5 Bxf4 23. Rxd5 Nf6 24. h7+ Kh8 0-1

[Event "Challenge"]
[Site "http://www.queenalice.com/game.php?id=687368"]
[Date "2009.11.22"]
[Round "-"]
[White "brunofernandes"]
[Black "yozzer"]
[Result "1-0"]
[WhiteElo "2364"]
[BlackElo "2269"]

1. e4 c5 2. Nf3 d6 3. d4 cxd4 4. Nxd4 Nf6 5. Nc3 a6 6. Bg5 e6 7. f4 Qc7 8. Qf3
b5 9. Bd3 Be7 10. e5 Bb7 11. Qg3 Nh5 12. Qh4 Nxf4 13. Qxf4 1-0